[Event "Mumbai Aurionpro U14 op"]
[Site "Mumbai"]
[Date "2025.06.19"]
[Round "4"]
[White "Aadik, Theophane Lenin"]
[Black "Sundar Divij, P."]
[Result "1/2-1/2"]
[WhiteElo "2018"]
[BlackElo "1848"]
[PlyCount "70"]
[EventDate "2025.06.16"]
[EventType "swiss"]
[EventRounds "9"]
[EventCountry "IND"]
[SourceTitle "CB26_2025"]
[SourceDate "2025.06.25"]
[SourceVersion "1"]
[SourceVersionDate "2025.06.25"]
[SourceQuality "1"]

1. d4 d5 2. c4 c6 3. e3 Nf6 4. Nf3 Bg4 5. Nc3 e6 6. h3 Bh5 7. g4 Bg6 8. Ne5 Nbd7 9. h4 dxc4 10. Nxg6 hxg6 11. g5 Nd5 12. Bxc4 N7b6 13. Be2 e5 14. dxe5 Bb4 15. Bd2 Qe7 16. e4 Nxc3 17. bxc3 Bc5 18. Bf4 f6 19. gxf6 gxf6 20. Rh3 fxe5 21. Bg5 Qxg5 22. hxg5 Rxh3 23. Qb3 Ke7 24. 0-0-0 Rh4 25. Bg4 Rxg4 26. Rh1 Rf4 27. Rh7+ Kd6 28. Qd1+ Ke6 29. Qb3+ Kd6 30. a4 a5 31. Rxb7 Raf8 32. Qd1+ Ke6 33. Qb3+ Kd6 34. Qd1+ Ke6 35. Qb3+ Kd6 1/2-1/2

[Event "Bhopal Unicorn op 1st"]
[Site "Bhopal"]
[Date "2024.07.13"]
[Round "2"]
[White "Sundar Divij, P."]
[Black "Nithin, Babu"]
[Result "0-1"]
[WhiteElo "1680"]
[BlackElo "2346"]
[PlyCount "58"]
[EventDate "2024.07.13"]
[EventType "swiss"]
[EventRounds "9"]
[EventCountry "IND"]
[SourceTitle "CBM 221 Extra"]
[Source "ChessBase"]
[SourceDate "2024.09.30"]
[SourceVersion "1"]
[SourceVersionDate "2024.09.30"]
[SourceQuality "1"]

1. d4 d5 2. Bf4 Nf6 3. e3 e6 4. Nf3 c5 5. Nbd2 Nc6 6. c3 cxd4 7. exd4 Nh5 8. Bg5 f6 9. Ne5 g6 10. Nxc6 bxc6 11. Be3 Bd6 12. Be2 Nf4 13. Bxf4 Bxf4 14. 0-0 0-0 15. g3 Bc7 16. f4 e5 17. fxe5 fxe5 18. Rxf8+ Qxf8 19. dxe5 Bxe5 20. Nf3 Bc7 21. Qa4 Qc5+ 22. Nd4 Bd7 23. Kg2 Rb8 24. Nb3 Qe3 25. Bg4 Rf8 26. Bxd7 Rf2+ 27. Kh3 Rxh2+ 28. Kxh2 Qxg3+ 29. Kh1 Qh2# 0-1